Statistics for U.S. States with the Least Gun Ownership

Click here to take the quiz!

General Stats

  • This quiz has been taken 15,548 times
    (15,080 since last reset)
  • The average score is 6 of 10

Answer Stats

%State% Correct
10.3New York
86%
5.8Rhode Island
80%
20.1California
77%
16.6Connecticut
71%
11.3New Jersey
68%
5.2Delaware
67%
14.4New Hampshire
66%
20.7Maryland
65%
19.6Ohio
53%
19.8Nebraska
15%

Score Distribution

Percentile by Number Answered

Percent of People with Each Score

Your Score History

You have not taken this quiz since the last reset